UK City Nicknames - Statistics

General Stats
  • This quiz has been taken 78 times
  • The average score is 21 of 32
Answer Stats
Nickname City % Correct
Cottonopolis Manchester
93%
Second City Birmingham
91%
The City City of London
91%
Auld Reekie Edinburgh
91%
The Toon Newcastle
88%
Granite City Aberdeen
85%
Wolves Wolverhampton
85%
Bradistan Bradford
84%
The Pool of Life Liverpool
84%
Steel City Sheffield
84%
Brizzle Bristol
81%
Second City of the Empire Glasgow
81%
The Potteries Stoke-on-Trent
79%
London-by-the-Sea Brighton
78%
Capital of the Highlands Inverness
78%
Pompey Portsmouth
78%
Capital of the North Leeds
76%
Scunny Scunthorpe
65%
Basingrad Basingstoke
62%
Old Smoke Belfast
62%
City of Arcades Cardiff
62%
Queen of the Midlands Nottingham
60%
Ocean City Plymouth
56%
Motor City Coventry
54%
City of Discovery Dundee
53%
The Fair City Perth
40%
Padstein Padstow
37%
Stroke City Derry/Londonderry
29%
The Ship of The Fens Ely
29%
Ironopolis Middlesbrough
29%
Ponte Carlo Pontefract
26%
Dirty Old Town Salford
18%
No matching quizzes found
Score Distribution
Percent of People with Each Score
Percentile by Number Answered
Your Score History
You have not taken this quiz